000 00626nam a2200193Ia 4500
003 IN-BaIIA
008 211028s9999 xx 000 0 eng d
020 _a90-277-2321-4
040 _cIIA Library
080 _a063:52
_bIAU-19B
245 0 _aProceedings of the nineteenth general assembly, Delhi, 1985
_cedited by Jean-Pierre Swings
260 _aDordrecht
_bD. Reidel Publishing
_c1986
300 _axiv, 654p.
650 _aAstronomy
_980
650 _aAstronomy and Astrophysics Thesaurus
650 _aIAU General Assembly
700 _aSwings, Jean-Pierre, ed.
_915126
942 _cBK
999 _c8999
_d8999